00000000nam##2200000za#4500
0019.667432
003CaOODSP
00520210615123523
007ta
008150407|2006||||xxc|||||     f|0| 0 fre|d
020 |a0-662-49070-3
040 |aCaOODSP|bfre
041 |aeng
041 |afre
043 |an-cn---
0861 |aFs23-498/2006
1101 |aCanada. |bMinistère des pêches et des océans.
24510|aComprendre la LEP : |bcomment les espèces aquatiques sont inscrites en vertu de la Loi sur les espèces (LEP) du Canada
260 |aOttawa - Ontario : |bPêches et Océans Canada |c2006.
300 |aTexte français, 14p. : |bphotographies ; |c21 cm.
5203 |aCette brochure explique brièvement comment la Loi sur les espèces en péril (LEP) protège les espèces aquatiques considérées comme étant en péril, y compris les poissons, les reptiles, les mammifères et les mollusques. Elle présente les trois organismes fédéraux chargés de l’application de la Loi ainsi que le groupe de scientifiques qui identifie les espèces en péril, et explique comment les espèces sont inscrites sur la liste et protégées. Elle parle des fausses perceptions concernant la Loi et présente des exemples de projets visant à aider à protéger les espèces en péril.
563 |aCouverture souple
590 |a07-17|b2007-04-27
69107|aAnimal aquatique|2gcpds
69107|aEspèce menacée|2gcpds
7760#|tUnderstanding SARA : |w(CaOODSP)9.688228
7760#|tComprendre la LEP : |w(CaOODSP)9.632660
791 |tUnderstanding SARA : |eeng|w(CaOODSP)9.667431
986 |aMPO/2005-484